Tối ưu hoá quy hoạch tuyến tính và rời rạc

Saved in:
Bibliographic Details
Main Author: Nguyễn Đức Nghĩa
Format: Book
Published: Giáo dục 1998
Tags: Add Tag
No Tags, Be the first to tag this record!
Institutions: Mạng thư viện Đại học Đà Nẵng
LEADER 00581nam a2200229 a 4500
001 000028829
003 453
005 20171030145630.0
008 171030s1998
020 |c 9700 
040 |a LTT 
082 0 |a 005,131  |b NG-N 
100 1 |a Nguyễn Đức Nghĩa 
245 0 0 |a Tối ưu hoá quy hoạch tuyến tính và rời rạc  |c Nguyễn Đức Nghĩa. 
260 |b Giáo dục  |c 1998 
OWN |a LTT 
999 |a From the UDN01 
TYP |a Monograph 
TYP |a Printed language 
980 |a Mạng thư viện Đại học Đà Nẵng